000 00481nam a2200169Ia 4500
003 GCL
008 140319s9999 xx 000 0 ara d
040 _aGCL /
_cGCL
082 0 4 _a239
_bم ف
100 1 _aمحمد سعيد رمصان البوطى
245 1 0 _aفقه السيرة /
_cمحمد سعيد رمصان البوطى
260 _a[S.N] :
_bدار الفكر ،
_c1980
300 _a504 ص
490 _a
650 0 4 _aالسيرة النبوية
942 _2ddc
_cBK
999 _c53860
_d53860